[Event "Dortmund3"]
[Site "Dortmund"]
[Date "2006.05.20"]
[Round "7"]
[White "Nettbohl, Werner"]
[Black "Reschop, Romano"]
[Result "0-1"]
[WhiteElo "1581"]
[BlackElo "1666"]
[PlyCount "104"]
[EventDate "2006.04.26"]
[EventType "tourn"]
[EventRounds "11"]
[EventCountry "GER"]
[SourceTitle "EXT 2007"]
[Source "ChessBase"]
[SourceDate "2006.11.23"]
[SourceVersion "1"]
[SourceVersionDate "2006.11.23"]
[SourceQuality "1"]

1. e4 b6 2. d4 Bb7 3. Bd3 e6 4. Ne2 Nf6 5. f3 c5 6. c3 Nc6 7. Be3 cxd4 8. Nxd4 Ne5 9. Be2 a6 10. Nd2 Rc8 11. 0-0 h5 12. Qb3 Bc5 13. Rad1 Nc6 14. Kh1 Na5 15. Qc2 Nc6 16. N2b3 Nxd4 17. Bxd4 Bxd4 18. Nxd4 Qc7 19. h3 h4 20. Qd2 Nh5 21. Rf2 Qg3 22. Bf1 Qc7 23. Nc2 Ng3+ 24. Kg1 Rh6 25. Bd3 Rd8 26. Ne3 Kf8 27. Ng4 Rh5 28. Re1 d6 29. Qf4 e5 30. Qe3 b5 31. f4 Kg8 32. Bc2 Bc8 33. Bd1 Rh7 34. fxe5 dxe5 35. Bb3 Rf8 36. Qg5 Bxg4 37. Qxg4 Qe7 38. Rd1 Qc5 39. Qf3 Rh6 40. Qd3 Rf6 41. Rdd2 Rxf2 42. Rxf2 Nh5 43. Qf3 Nf4 44. Kh2 Rd8 45. Bd5 Rd7 46. Rd2 Rd6 47. b3 Rf6 48. b4 Qc7 49. Qe3 Rg6 50. Qc5 Qd7 51. Qg1 Qe7 52. Qc5 Qg5 0-1

[Event "Dortmund ABC Serie B-21"]
[Site "Dortmund"]
[Date "2004.06.18"]
[Round "12"]
[White "Nettbohl, Werner"]
[Black "Becker, Peter"]
[Result "0-1"]
[WhiteElo "1564"]
[BlackElo "1798"]
[PlyCount "60"]
[EventDate "2004.04.??"]
[EventType "tourn"]
[EventRounds "12"]
[EventCountry "GER"]
[SourceTitle "EXT 2006"]
[Source "ChessBase"]
[SourceDate "2005.11.24"]
[SourceVersion "1"]
[SourceVersionDate "2005.11.24"]
[SourceQuality "1"]

1. e4 c5 2. Nf3 d6 3. d4 cxd4 4. Nxd4 Nf6 5. Bd3 g6 6. 0-0 Bg7 7. h3 0-0 8. c3 e5 9. Ne2 Nc6 10. Be3 d5 11. exd5 Nxd5 12. Bc5 Re8 13. Be4 Be6 14. Ng3 f5 15. Bxd5 Qxd5 16. Qxd5 Bxd5 17. Nd2 b6 18. Ba3 Rad8 19. Rfd1 e4 20. c4 Bf7 21. Rac1 Bh6 22. Ngf1 f4 23. f3 e3 24. Ne4 Bg7 25. Rxd8 Rxd8 26. b3 e2 27. Nfd2 Bd4+ 28. Kh2 Be3 29. Nf6+ Kg7 30. Bb2 Bxd2 0-1

[Event "Dortmund ABC Serie B-21"]
[Site "Dortmund"]
[Date "2004.05.05"]
[Round "3"]
[White "Zillich, Raimar"]
[Black "Nettbohl, Werner"]
[Result "1/2-1/2"]
[WhiteElo "1734"]
[BlackElo "1564"]
[PlyCount "43"]
[EventDate "2004.04.??"]
[EventType "tourn"]
[EventRounds "12"]
[EventCountry "GER"]
[SourceTitle "EXT 2006"]
[Source "ChessBase"]
[SourceDate "2005.11.24"]
[SourceVersion "1"]
[SourceVersionDate "2005.11.24"]
[SourceQuality "1"]

1. e4 e5 2. Nf3 Nc6 3. Bb5 d6 4. d4 exd4 5. Nxd4 Bd7 6. Nxc6 bxc6 7. Bc4 g6 8. Nc3 Bg7 9. Qd3 Ne7 10. Be3 0-0 11. h4 h5 12. Bd4 d5 13. Bb3 dxe4 14. Nxe4 Bf5 15. Bxg7 Qxd3 16. cxd3 Kxg7 17. 0-0 Rad8 18. Rfe1 Nd5 19. a3 Nf4 20. Nc5 Nxd3 21. Nxd3 Rxd3 22. Bc2 1/2-1/2

[Event "Dortmund7"]
[Site "Dortmund"]
[Date "2003.10.29"]
[Round "6"]
[White "Skoecz, Horst"]
[Black "Nettbohl, Werner"]
[Result "0-1"]
[WhiteElo "1401"]
[BlackElo "1530"]
[PlyCount "116"]
[EventDate "2003.10.01"]
[EventType "tourn"]
[EventRounds "13"]
[EventCountry "GER"]
[SourceTitle "EXT 2007"]
[Source "ChessBase"]
[SourceDate "2006.11.23"]
[SourceVersion "1"]
[SourceVersionDate "2006.11.23"]
[SourceQuality "1"]

1. e4 e5 2. Nf3 Nc6 3. d4 exd4 4. Nxd4 Bc5 5. Nxc6 bxc6 6. Nc3 Qf6 7. Qe2 d6 8. Bd2 Ne7 9. Na4 Bb6 10. Bc3 Bd4 11. Qd2 Be5 12. Bxe5 Qxe5 13. Bd3 Qd4 14. Nc3 0-0 15. 0-0 Ng6 16. Qe3 Qxe3 17. fxe3 Ne5 18. Be2 Be6 19. b3 Nd7 20. Na4 Rfe8 21. Bd3 Ne5 22. Nb2 Re7 23. a4 a5 24. Nc4 Bxc4 25. bxc4 Rb8 26. Rab1 Ree8 27. h3 Nd7 28. c3 g6 29. Rxb8 Rxb8 30. Rb1 Rxb1+ 31. Bxb1 Nb6 32. Bc2 Nxc4 33. Kf2 Kg7 34. Ke2 Ne5 35. Bb3 c5 36. c4 Kf6 37. Ba2 Kg5 38. g3 h5 39. Kf2 h4 40. Kg2 f6 41. Bb3 Nd3 42. g4 Ne5 43. Ba2 f5 44. exf5 gxf5 45. gxf5 Kxf5 46. Kf2 c6 47. Ke2 Ke6 48. e4 Nf7 49. Kf3 Ng5+ 50. Kg4 Nxe4 51. Bb1 Nc3 52. Bc2 d5 53. cxd5+ cxd5 54. Kxh4 c4 55. Kg4 d4 56. Bf5+ Kf6 57. Bc8 d3 58. Ba6 d2 0-1

[Event "Dortmund7"]
[Site "Dortmund"]
[Date "2003.10.18"]
[Round "4"]
[White "Werninghaus, Klaus Peter"]
[Black "Nettbohl, Werner"]
[Result "1/2-1/2"]
[WhiteElo "1486"]
[BlackElo "1522"]
[PlyCount "54"]
[EventDate "2003.10.01"]
[EventType "tourn"]
[EventRounds "13"]
[EventCountry "GER"]
[SourceTitle "EXT 2007"]
[Source "ChessBase"]
[SourceDate "2006.11.23"]
[SourceVersion "1"]
[SourceVersionDate "2006.11.23"]
[SourceQuality "1"]

1. c4 e5 2. Nc3 Nf6 3. g3 Be7 4. Bg2 c6 5. Nf3 d6 6. d3 Be6 7. Qb3 Qc7 8. 0-0 Nbd7 9. Ng5 Nc5 10. Nxe6 Nxe6 11. e3 Nc5 12. Qc2 0-0 13. b4 Ncd7 14. a4 a6 15. Bb2 Rac8 16. Rac1 d5 17. Qb3 dxc4 18. dxc4 a5 19. Ba3 axb4 20. Bxb4 Rfe8 21. Rb1 Rb8 22. Rfc1 Nc5 23. Bxc5 Bxc5 24. Ne4 Nxe4 25. Bxe4 g6 26. Bg2 Kg7 27. Kf1 Qa5 1/2-1/2

[Event "Dortmund3"]
[Site "Dortmund"]
[Date "2002.04.17"]
[Round "2"]
[White "Duschek, Guenter"]
[Black "Nettbohl, Werner"]
[Result "1/2-1/2"]
[WhiteElo "1676"]
[BlackElo "1556"]
[PlyCount "120"]
[EventDate "2002.04.12"]
[EventType "tourn"]
[EventRounds "11"]
[EventCountry "GER"]
[SourceTitle "EXT 2007"]
[Source "ChessBase"]
[SourceDate "2006.11.23"]
[SourceVersion "1"]
[SourceVersionDate "2006.11.23"]
[SourceQuality "1"]

1. d4 d5 2. Nf3 e6 3. g3 Nf6 4. Nbd2 Be7 5. Bg2 c5 6. c3 0-0 7. 0-0 Nc6 8. e3 b6 9. b3 Ba6 10. Re1 Qc7 11. Bb2 Bd3 12. a3 Rac8 13. Bf1 Bg6 14. Nh4 Bh5 15. Be2 Bxe2 16. Qxe2 Ne4 17. Ng2 Ng5 18. Nf4 h6 19. dxc5 Bxc5 20. h4 Nh7 21. Nf3 Bd6 22. Nd4 Nxd4 23. cxd4 Nf6 24. Rac1 Qb8 25. f3 Rxc1 26. Rxc1 Rc8 27. Rxc8+ Qxc8 28. Kg2 Qc7 29. Qf2 g5 30. Nd3 g4 31. Ne5 Bxe5 32. dxe5 gxf3+ 33. Kh3 Ne4 34. Qxf3 Qc2 35. Bd4 Nf2+ 36. Kg2 Ng4+ 37. Kg1 h5 38. b4 Qh2+ 39. Kf1 Qa2 40. Qf4 Kf8 41. Ke1 Qxa3 42. Qg5 Qxb4+ 43. Ke2 Qc4+ 44. Kd2 Qa2+ 45. Kc1 Qc4+ 46. Kd2 Qc7 47. Qxh5 Nh2 48. Qh8+ Ke7 49. Qf6+ Ke8 50. Qh8+ Kd7 51. Qf8 Kc6 52. h5 Nf3+ 53. Ke2 Ng5 54. h6 Kb7 55. Kd1 Qd7 56. Qg7 Qa4+ 57. Kc1 Qc4+ 58. Kb2 Qe2+ 59. Ka1 Qh5 60. Qf8 Qd1+ 1/2-1/2

[Event "Dortmund ABC Aufstreber 16th"]
[Site "Dortmund"]
[Date "2001.12.12"]
[Round "13"]
[White "Baier, Joerg"]
[Black "Nettbohl, Werner"]
[Result "0-1"]
[WhiteElo "1448"]
[BlackElo "1463"]
[PlyCount "73"]
[EventDate "2001.??.??"]
[EventType "tourn"]
[EventRounds "13"]
[EventCountry "GER"]
[SourceTitle "EXT 2003"]
[Source "ChessBase"]
[SourceDate "2002.11.25"]
[SourceVersion "1"]
[SourceVersionDate "2002.11.25"]
[SourceQuality "1"]

1. Nf3 b6 2. e4 Bb7 3. Nc3 d6 4. Bc4 e6 5. d3 Be7 6. 0-0 Nf6 7. h3 0-0 8. Be3 Nbd7 9. a4 d5 10. exd5 Nxd5 11. Nxd5 exd5 12. Bb3 Nc5 13. Bxc5 Bxc5 14. d4 Bd6 15. c3 Re8 16. Qd2 h6 17. Bc2 Qf6 18. Qd3 g6 19. h4 Re6 20. a5 Rae8 21. axb6 axb6 22. Ra7 Bc6 23. g3 Bb5 24. Qxb5 Qxf3 25. Bb3 Bxg3 26. Bxd5 Bxf2+ 27. Rxf2 Qg3+ 28. Bg2 Re1+ 29. Rf1 Rxf1+ 30. Qxf1 Re1 31. Ra8+ Kg7 32. Qxe1 Qxe1+ 33. Kh2 Qxh4+ 34. Kg1 Qe1+ 35. Kh2 Qd2 36. Rc8 h5 37. d5 0-1

[Event "Dortmund ABC Aufstreber 16th"]
[Site "Dortmund"]
[Date "2001.11.07"]
[Round "6"]
[White "Nettbohl, Werner"]
[Black "Grawe, Herbert"]
[Result "1-0"]
[WhiteElo "1463"]
[BlackElo "1502"]
[PlyCount "39"]
[EventDate "2001.??.??"]
[EventType "tourn"]
[EventRounds "13"]
[EventCountry "GER"]
[SourceTitle "EXT 2003"]
[Source "ChessBase"]
[SourceDate "2002.11.25"]
[SourceVersion "1"]
[SourceVersionDate "2002.11.25"]
[SourceQuality "1"]

1. e4 e6 2. d4 d5 3. e5 c5 4. c3 Nc6 5. Bb5 a6 6. Bxc6+ bxc6 7. Ne2 cxd4 8. cxd4 c5 9. 0-0 Qc7 10. Be3 f6 11. f4 Nh6 12. Kh1 Nf5 13. Bf2 Rb8 14. Qc2 c4 15. Nd2 Qa5 16. Nf3 Bd7 17. Nh4 Ba4 18. b3 cxb3 19. axb3 Bxb3 20. Qc6+ 1-0

[Event "Dortmund ABC Aufstreber 16th"]
[Site "Dortmund"]
[Date "2001.10.13"]
[Round "2"]
[White "Nettbohl, Werner"]
[Black "Kluge, Klaus"]
[Result "1-0"]
[WhiteElo "1463"]
[BlackElo "1368"]
[PlyCount "75"]
[EventDate "2001.??.??"]
[EventType "tourn"]
[EventRounds "13"]
[EventCountry "GER"]
[SourceTitle "EXT 2003"]
[Source "ChessBase"]
[SourceDate "2002.11.25"]
[SourceVersion "1"]
[SourceVersionDate "2002.11.25"]
[SourceQuality "1"]

1. e4 e5 2. Nf3 Nc6 3. d4 d6 4. d5 Nce7 5. c4 Nf6 6. Nc3 b6 7. Be2 Ng6 8. Qc2 Be7 9. Bd2 a6 10. b4 0-0 11. h4 Bg4 12. Bg5 Nh5 13. g3 Qd7 14. Nh2 Bxe2 15. Qxe2 Bxg5 16. hxg5 Qh3 17. 0-0-0 Nxg3 18. fxg3 Qxg3 19. Rd3 Qxg5+ 20. Qd2 Nf4 21. Kc2 f5 22. Nf3 Qg6 23. Nh4 Qh5 24. Rg3 g5 25. Rh2 Kh8 26. Nxf5 Qg6 27. Rh6 Qf7 28. Rxg5 Rg8 29. Rxg8+ Rxg8 30. Kb3 Rg2 31. Qd1 Qg8 32. Qf3 Qg5 33. Qe3 Qg8 34. Rh1 Qg4 35. Rh4 Qg5 36. Rh1 Qg4 37. Qe1 Ng6 38. Ne3 1-0

[Event "Dortmund2"]
[Site "Dortmund"]
[Date "2001.06.20"]
[Round "12"]
[White "Nettbohl, Werner"]
[Black "Werninghaus, Klaus Peter"]
[Result "0-1"]
[WhiteElo "1367"]
[BlackElo "1407"]
[PlyCount "72"]
[EventDate "2001.04.25"]
[EventType "tourn"]
[EventRounds "13"]
[EventCountry "GER"]
[SourceTitle "EXT 2007"]
[Source "ChessBase"]
[SourceDate "2006.11.23"]
[SourceVersion "1"]
[SourceVersionDate "2006.11.23"]
[SourceQuality "1"]

1. e4 c6 2. d4 d5 3. e5 Bf5 4. Nd2 e6 5. c3 Be7 6. Ndf3 h6 7. Ne2 Nd7 8. Ng3 Bh7 9. Nh5 Bf8 10. Bd3 Bxd3 11. Qxd3 g6 12. Nf4 Qe7 13. b3 0-0-0 14. a4 c5 15. Ba3 Kb8 16. a5 Qe8 17. a6 c4 18. bxc4 dxc4 19. Qe4 bxa6 20. Rb1+ Nb6 21. Bc5 Kc7 22. Bxb6+ axb6 23. 0-0 Qc6 24. Qc2 Ne7 25. Nd3 cxd3 26. Qxd3 b5 27. Rfc1 Qc4 28. Qc2 Qc6 29. Ra1 Nd5 30. Ra5 Kb6 31. Qa2 Ra8 32. c4 Bb4 33. Ra1 Nc7 34. d5 Qxc4 35. Qxc4 bxc4 36. R5a4 Nxd5 0-1

[Event "Dortmund2"]
[Site "Dortmund"]
[Date "2001.05.19"]
[Round "6"]
[White "Nettbohl, Werner"]
[Black "Mueller, Siegfried"]
[Result "1/2-1/2"]
[WhiteElo "1367"]
[BlackElo "1438"]
[PlyCount "20"]
[EventDate "2001.04.25"]
[EventType "tourn"]
[EventRounds "13"]
[EventCountry "GER"]
[SourceTitle "EXT 2007"]
[Source "ChessBase"]
[SourceDate "2006.11.23"]
[SourceVersion "1"]
[SourceVersionDate "2006.11.23"]
[SourceQuality "1"]

1. e4 c5 2. b3 d6 3. Bb2 Nf6 4. Nc3 e6 5. Bb5+ Bd7 6. d3 a6 7. Bxd7+ Nbxd7 8. Nf3 Be7 9. 0-0 0-0 10. Ne2 Qc7 1/2-1/2

[Event "Dortmund2"]
[Site "Dortmund"]
[Date "2001.04.25"]
[Round "1"]
[White "Nettbohl, Werner"]
[Black "Lasberg, Ralf"]
[Result "1-0"]
[WhiteElo "1367"]
[BlackElo "1549"]
[PlyCount "81"]
[EventDate "2001.04.25"]
[EventType "tourn"]
[EventRounds "13"]
[EventCountry "GER"]
[SourceTitle "EXT 2007"]
[Source "ChessBase"]
[SourceDate "2006.11.23"]
[SourceVersion "1"]
[SourceVersionDate "2006.11.23"]
[SourceQuality "1"]

1. e4 c6 2. d4 d5 3. exd5 cxd5 4. g3 Nf6 5. Bg2 Nc6 6. c3 Bg4 7. Nf3 e6 8. Qb3 Bxf3 9. Bxf3 Rb8 10. Nd2 Bd6 11. Bg2 0-0 12. 0-0 b5 13. Nf3 Na5 14. Qc2 b4 15. Bg5 bxc3 16. bxc3 h6 17. Bxf6 Qxf6 18. Qa4 Qd8 19. Rfc1 Qc7 20. Nd2 Rb2 21. Nb3 Nc4 22. Rab1 h5 23. Rxb2 Nxb2 24. Qa5 Qe7 25. Bf1 Rc8 26. Rc2 Nc4 27. Qa6 Rc7 28. Bd3 g6 29. Bxc4 Rxc4 30. Na5 Rc7 31. Qd3 h4 32. Kg2 Qg5 33. Nb3 Kg7 34. Nd2 hxg3 35. hxg3 Qg4 36. Nf3 Qf5 37. Qxf5 gxf5 38. Ne1 Bb4 39. cxb4 Rb7 40. a3 f6 41. f4 1-0